000 00625nam a2200229Ia 4500
003 OSt
005 20221006164217.0
006 a|||||r|||| 00| 0
007 ta
008 221006b |||||||| |||| 00| 0 eng d
024 _a907
037 _cTextual
040 _aFML
_cFML
_beng
041 _2eng
_aeng
082 _aV464:71'B5000, K4
100 _aHarding G Lankester Au.
_9676858
245 0 _aArchaeology in The Aelen Protectorates
260 _aLondon
_bH M S O
_c1964
300 _a62
_ccm.
942 _hV464:71'B5000, K4
_cTEXL
_2CC
999 _c1116526
_d1116526